| 000 -LEADER |
| fixed length control field |
00573nam a2200241Ia 4500 |
| 001 - CONTROL NUMBER |
| control field |
7362 |
| 003 - CONTROL NUMBER IDENTIFIER |
| control field |
GE_BSU |
| 008 - FIXED-LENGTH DATA ELEMENTS--GENERAL INFORMATION |
| fixed length control field |
181216s||||||||xx |||||||||||||| ||und|| |
| 040 ## - CATALOGING SOURCE |
| Transcribing agency |
GE_BSU |
| 080 ## - UNIVERSAL DECIMAL CLASSIFICATION NUMBER |
| Universal Decimal Classification number |
54(075.8) |
| 100 ## - MAIN ENTRY--PERSONAL NAME |
| Personal name |
Глинка,Н.Л. |
| 245 ## - TITLE STATEMENT |
| Title |
Общая химия. |
| 245 ## - TITLE STATEMENT |
| Remainder of title |
Учеб. пособие. |
| 245 ## - TITLE STATEMENT |
| Statement of responsibility, etc. |
Ред.Л.В.Бровкин. |
| 250 ## - EDITION STATEMENT |
| Edition statement |
Изд.11-е. |
| 260 ## - PUBLICATION, DISTRIBUTION, ETC. |
| Place of publication, distribution, etc. |
М. |
| 260 ## - PUBLICATION, DISTRIBUTION, ETC. |
| Name of publisher, distributor, etc. |
Химия. |
| 260 ## - PUBLICATION, DISTRIBUTION, ETC. |
| Date of publication, distribution, etc. |
1964. |
| 300 ## - PHYSICAL DESCRIPTION |
| Extent |
688стр.22см. |
| 300 ## - PHYSICAL DESCRIPTION |
| Accompanying material |
табл. |
| 653 ## - INDEX TERM--UNCONTROLLED |
| Uncontrolled term |
Общая химия. |
| 942 ## - ADDED ENTRY ELEMENTS (KOHA) |
| Koha item type |
წიგნი |